OPAC Home

ටිකිරි කතන්දර (Record no. 43800)

MARC details
000 -LEADER
fixed length control field 00402nam a2200157Ia 4500
008 - FIXED-LENGTH DATA ELEMENTS--GENERAL INFORMATION
fixed length control field 131112t2012 xxu||||| |||| 00| 0 sin d
041 ## - LANGUAGE CODE
Language code of text/sound track or separate title Sinhala; Sinhalese
080 ## - UNIVERSAL DECIMAL CLASSIFICATION NUMBER
Universal Decimal Classification number X8S3 WIJ (Yo
Item number th)
942 ## - ADDED ENTRY ELEMENTS (KOHA)
Koha item type Books
003 - CONTROL NUMBER IDENTIFIER
control field LK-CoDNM
040 ## - CATALOGING SOURCE
Original cataloging agency LK-CoDNM
Modifying agency LK-CoDNM
Description conventions LK-CoDNM
245 ## - TITLE STATEMENT
Title ටිකිරි කතන්දර
246 ## - VARYING FORM OF TITLE
Title proper/short title Tikiri Kathandara
260 ## - PUBLICATION, DISTRIBUTION, ETC. (IMPRINT)
Place of publication, distribution, etc. Gunasena
-- Colombo
Date of publication, distribution, etc. 2012
300 ## - PHYSICAL DESCRIPTION
Other physical details 95p, 18 cm
Holdings
Withdrawn status Lost status Damaged status Not for loan Collection code Permanent Location Current Location Date acquired Full call number Barcode Koha item type
        Translation Library National Museum Colombo - Sri Lanka Library National Museum Colombo - Sri Lanka 2013-11-12 X8S3 WIJ (Youth) P37342 Books
Copyright © 2023 Department of National Museum, Colombo 07, Sri Lanka Funded by UNESCO IFAP UNESCO